[Event "EYCC 2024 - O16"]
[Site "?"]
[Date "2024.08.23"]
[Round "2.1"]
[White "Venkatesan, Kavin"]
[Black "Kvaloy, Aksel Bu"]
[Result "0-1"]
[BlackElo "2487"]
[WhiteElo "2202"]
[LiveChessVersion "1.4.8"]

1. d4 {[%clk 1:30:57]} Nf6 {[%clk 1:30:55]} 2. c4 {[%clk 1:31:24]} e6
{[%clk 1:31:21]} 3. Nc3 {[%clk 1:31:50]} Bb4 {[%clk 1:31:42]} 4. f3
{[%clk 1:32:15]} c5 {[%clk 1:32:00]} 5. d5 {[%clk 1:32:40]} d6 {[%clk 1:32:04]}
6. e4 {[%clk 1:32:37]} O-O {[%clk 1:32:14]} 7. Nge2 {[%clk 1:32:13]} Re8
{[%clk 1:32:22]} 8. Bd2 {[%clk 1:24:57]} exd5 {[%clk 1:26:18]} 9. cxd5
{[%clk 1:23:17]} Nbd7 {[%clk 1:26:12]} 10. Ng3 {[%clk 1:18:27]} Ne5
{[%clk 1:23:49]} 11. Be2 {[%clk 1:15:13]} c4 {[%clk 1:22:23]} 12. O-O
{[%clk 1:09:31]} Bd7 {[%clk 1:20:36]} 13. Be3 {[%clk 1:07:22]} h5
{[%clk 1:02:37]} 14. Re1 {[%clk 0:58:40]} h4 {[%clk 1:01:52]} 15. Nf1
{[%clk 0:58:17]} b5 {[%clk 1:01:30]} 16. Bd4 {[%clk 0:54:35]} Ba5
{[%clk 0:58:08]} 17. a3 {[%clk 0:53:29]} Bb6 {[%clk 0:54:40]} 18. Kh1
{[%clk 0:40:48]} Nh5 {[%clk 0:49:17]} 19. Bxb6 {[%clk 0:36:10]} Qxb6
{[%clk 0:48:52]} 20. Qd2 {[%clk 0:36:11]} h3 {[%clk 0:45:44]} 21. Ne3
{[%clk 0:25:35]} Nf4 {[%clk 0:31:41]} 22. g3 {[%clk 0:19:11]} Nxe2
{[%clk 0:28:58]} 23. Qxe2 {[%clk 0:19:21]} a5 {[%clk 0:29:08]} 24. Ncd1
{[%clk 0:17:08]} Nd3 {[%clk 0:24:52]} 25. Rf1 {[%clk 0:17:18]} Qd4
{[%clk 0:24:27]} 26. Qd2 {[%clk 0:15:19]} f5 {[%clk 0:21:13]} 27. Nc2
{[%clk 0:11:06]} Qe5 {[%clk 0:20:22]} 28. exf5 {[%clk 0:09:08]} Qxd5
{[%clk 0:15:44]} 29. a4 {[%clk 0:06:19]} Qxf5 {[%clk 0:11:48]} 30. Nde3
{[%clk 0:05:11]} Qc5 {[%clk 0:10:27]} 31. axb5 {[%clk 0:05:20]} Bxb5
{[%clk 0:09:59]} 32. Rxa5 {[%clk 0:04:26]} Rxa5 {[%clk 0:09:55]} 33. Qxa5
{[%clk 0:04:54]} Nxb2 {[%clk 0:08:43]} 34. Ng4 {[%clk 0:01:36]} Nd3
{[%clk 0:06:01]} 35. Qc3 {[%clk 0:01:33]} Bd7 {[%clk 0:05:21]} 36. Nge3
{[%clk 0:00:53]} d5 {[%clk 0:04:29]} 37. Nd1 {[%clk 0:00:49]} Ba4
{[%clk 0:03:44]} 38. Nb2 {[%clk 0:00:31]} Nf2+ {[%clk 0:02:16]} 0-1

[Event "EYCC 2024 - O16"]
[Site "?"]
[Date "2024.08.23"]
[Round "2.2"]
[White "Materia, Marco"]
[Black "Kiladze, Luka"]
[Result "1-0"]
[BlackElo "2193"]
[WhiteElo "2457"]
[LiveChessVersion "1.4.8"]

1. d4 {[%clk 1:30:59]} d5 {[%clk 1:30:31]} 2. c4 {[%clk 1:31:20]} e6
{[%clk 1:30:56]} 3. Nf3 {[%clk 1:31:00]} Nf6 {[%clk 1:31:21]} 4. Nc3
{[%clk 1:31:25]} a6 {[%clk 1:31:48]} 5. c5 {[%clk 1:31:02]} b6 {[%clk 1:31:32]}
6. cxb6 {[%clk 1:31:28]} cxb6 {[%clk 1:31:58]} 7. Bf4 {[%clk 1:31:17]} Nc6
{[%clk 1:22:49]} 8. e3 {[%clk 1:29:50]} Bb7 {[%clk 1:20:01]} 9. Bd3
{[%clk 1:27:54]} Bd6 {[%clk 1:13:33]} 10. O-O {[%clk 1:25:48]} O-O
{[%clk 1:11:22]} 11. Rc1 {[%clk 1:19:15]} b5 {[%clk 1:07:21]} 12. Bxd6
{[%clk 1:01:52]} Qxd6 {[%clk 1:07:44]} 13. a4 {[%clk 1:02:11]} b4
{[%clk 1:04:26]} 14. Nb1 {[%clk 1:02:15]} Rfc8 {[%clk 0:52:45]} 15. Nbd2
{[%clk 1:02:15]} Na5 {[%clk 0:52:26]} 16. Rxc8+ {[%clk 0:56:46]} Rxc8
{[%clk 0:52:39]} 17. Ne5 {[%clk 0:57:13]} Rc7 {[%clk 0:40:18]} 18. f4
{[%clk 0:49:43]} Ne4 {[%clk 0:28:41]} 19. Bxe4 {[%clk 0:42:32]} dxe4
{[%clk 0:29:09]} 20. Qh5 {[%clk 0:41:43]} f6 {[%clk 0:14:24]} 21. Qe8+
{[%clk 0:37:34]} Qf8 {[%clk 0:14:53]} 22. Qxe6+ {[%clk 0:37:58]} Kh8
{[%clk 0:15:21]} 23. Qb6 {[%clk 0:28:10]} Rc2 {[%clk 0:15:21]} 24. Nd7
{[%clk 0:27:58]} Qc8 {[%clk 0:11:15]} 25. Nc5 {[%clk 0:27:53]} Rxd2
{[%clk 0:11:28]} 26. Qxa5 {[%clk 0:27:56]} Bd5 {[%clk 0:07:21]} 27. Qxb4
{[%clk 0:27:32]} Rc2 {[%clk 0:07:49]} 28. h3 {[%clk 0:27:01]} h5 {[%clk 0:07:56]}
29. Rf2 {[%clk 0:26:04]} Rc1+ {[%clk 0:08:25]} 30. Kh2 {[%clk 0:26:29]} Qf5
{[%clk 0:05:43]} 31. Qd2 {[%clk 0:23:07]} Rb1 {[%clk 0:06:02]} 32. Qe2
{[%clk 0:21:07]} Rc1 {[%clk 0:06:30]} 33. b3 {[%clk 0:19:43]} h4 {[%clk 0:05:54]}
34. Rf1 {[%clk 0:19:32]} Rxf1 {[%clk 0:05:59]} 35. Qxf1 {[%clk 0:20:01]} g5
{[%clk 0:06:21]} 36. b4 {[%clk 0:15:03]} g4 {[%clk 0:05:46]} 37. Qxa6
{[%clk 0:14:42]} gxh3 {[%clk 0:05:17]} 38. gxh3 {[%clk 0:15:07]} Bc4
{[%clk 0:03:46]} 39. Qa8+ {[%clk 0:15:16]} Bg8 {[%clk 0:03:34]} 40. Qxe4
{[%clk 0:15:20]} Qh5 {[%clk 0:04:03]} 41. Qg2 {[%clk 0:15:37]} Qd1
{[%clk 0:03:51]} 42. Qf2 {[%clk 0:15:21]} Kg7 {[%clk 0:04:19]} 1-0

[Event "EYCC 2024 - O16"]
[Site "?"]
[Date "2024.08.23"]
[Round "2.3"]
[White "Kazantzoglou, Stefanos"]
[Black "Durak, Can"]
[Result "0-1"]
[BlackElo "2442"]
[WhiteElo "2197"]
[LiveChessVersion "1.4.8"]

1. e4 {[%clk 1:30:57]} e5 {[%clk 1:30:02]} 2. Nf3 {[%clk 1:31:21]} Nc6
{[%clk 1:30:14]} 3. Bc4 {[%clk 1:31:45]} Bc5 {[%clk 1:27:45]} 4. O-O
{[%clk 1:31:32]} Nf6 {[%clk 1:27:57]} 5. d3 {[%clk 1:31:55]} d6 {[%clk 1:26:42]}
6. c3 {[%clk 1:32:02]} a6 {[%clk 1:25:26]} 7. Bb3 {[%clk 1:31:37]} Ba7
{[%clk 1:23:53]} 8. Be3 {[%clk 1:32:00]} Bxe3 {[%clk 1:18:01]} 9. fxe3
{[%clk 1:32:23]} O-O {[%clk 1:18:12]} 10. Nbd2 {[%clk 1:32:01]} h6
{[%clk 1:17:21]} 11. Qe1 {[%clk 1:25:22]} Be6 {[%clk 1:10:20]} 12. Nh4
{[%clk 1:14:15]} Bxb3 {[%clk 1:01:01]} 13. axb3 {[%clk 1:12:22]} Nh7
{[%clk 0:59:45]} 14. Nf5 {[%clk 1:04:47]} Kh8 {[%clk 0:58:46]} 15. Qg3
{[%clk 0:59:45]} Qg5 {[%clk 0:56:59]} 16. Qh3 {[%clk 0:53:55]} Qd8
{[%clk 0:38:36]} 17. Qg3 {[%clk 0:52:08]} Qg5 {[%clk 0:32:34]} 18. Qh3
{[%clk 0:52:12]} h5 {[%clk 0:27:04]} 19. Nf3 {[%clk 0:44:13]} Qg4
{[%clk 0:26:53]} 20. Qxg4 {[%clk 0:43:56]} hxg4 {[%clk 0:27:22]} 21. Nd2
{[%clk 0:44:16]} Rad8 {[%clk 0:22:37]} 22. d4 {[%clk 0:40:22]} Nf6
{[%clk 0:21:21]} 23. d5 {[%clk 0:34:48]} Nb8 {[%clk 0:21:44]} 24. b4
{[%clk 0:34:40]} Nbd7 {[%clk 0:21:45]} 25. Kf2 {[%clk 0:31:30]} g6
{[%clk 0:21:50]} 26. Ng3 {[%clk 0:31:22]} Kg7 {[%clk 0:22:15]} 27. Ke2
{[%clk 0:29:31]} Rh8 {[%clk 0:22:41]} 28. Rh1 {[%clk 0:29:57]} Rh6
{[%clk 0:21:12]} 29. Kf2 {[%clk 0:22:40]} Rdh8 {[%clk 0:20:40]} 30. Kg1
{[%clk 0:23:03]} Nh7 {[%clk 0:20:22]} 31. c4 {[%clk 0:21:25]} Ng5
{[%clk 0:20:18]} 32. Nb3 {[%clk 0:19:41]} Nf6 {[%clk 0:20:03]} 33. Nd2
{[%clk 0:20:09]} Rc8 {[%clk 0:17:05]} 34. c5 {[%clk 0:17:18]} c6 {[%clk 0:15:30]}
35. Nc4 dxc5 {[%clk 0:15:08]} 36. Nd6 {[%clk 0:09:33]} Rc7 {[%clk 0:12:25]} 37.
Rf1 {[%clk 0:08:05]} Rh8 {[%clk 0:12:18]} 38. bxc5 {[%clk 0:07:32]} cxd5
{[%clk 0:11:57]} 39. Rxf6 {[%clk 0:06:28]} Kxf6 {[%clk 0:11:53]} 40. exd5
{[%clk 0:06:53]} Rd8 {[%clk 0:09:23]} 41. Kf2 {[%clk 0:05:29]} Kg7
{[%clk 0:08:19]} 42. b4 {[%clk 0:03:38]} b6 {[%clk 0:08:11]} 43. Rc1
{[%clk 0:02:31]} Kf8 {[%clk 0:07:53]} 44. Nc4 {[%clk 0:01:52]} bxc5
{[%clk 0:08:14]} 45. Nb6 {[%clk 0:02:02]} c4 {[%clk 0:07:47]} 46. e4
{[%clk 0:01:43]} c3 {[%clk 0:07:25]} 47. Na4 {[%clk 0:02:08]} Rc4
{[%clk 0:07:05]} 48. Nc5 {[%clk 0:01:57]} f5 {[%clk 0:05:29]} 49. Nb7
{[%clk 0:01:00]} Rb8 {[%clk 0:05:32]} 50. Na5 {[%clk 0:01:21]} Rcxb4
{[%clk 0:04:46]} 51. Nc6 {[%clk 0:00:41]} Rb2+ {[%clk 0:05:15]} 52. Ne2
{[%clk 0:00:33]} Nxe4+ {[%clk 0:05:44]} 53. Ke3 {[%clk 0:01:01]} R8b5
{[%clk 0:05:28]} 54. Nxe5 {[%clk 0:01:04]} Rxd5 {[%clk 0:05:56]} 55. Nxg6+
{[%clk 0:01:27]} Kf7 {[%clk 0:06:19]} 56. Ngf4 {[%clk 0:01:54]} Rc5
{[%clk 0:06:05]} 57. Nd3 {[%clk 0:02:12]} Rcb5 {[%clk 0:03:54]} 58. h3
{[%clk 0:01:03]} gxh3 {[%clk 0:04:14]} 59. gxh3 {[%clk 0:01:32]} Rb1
{[%clk 0:04:04]} 60. Rc2 {[%clk 0:00:58]} Rh1 {[%clk 0:04:19]} 61. Kf4
{[%clk 0:00:32]} Rxh3 {[%clk 0:04:30]} 62. Nd4 {[%clk 0:00:56]} Rxd3
{[%clk 0:04:52]} 63. Nxb5 {[%clk 0:01:20]} axb5 {[%clk 0:05:22]} 0-1

[Event "EYCC 2024 - O16"]
[Site "?"]
[Date "2024.08.23"]
[Round "2.4"]
[White "Nemsadze, Daviti"]
[Black "Magold, Filip"]
[Result "0-1"]
[BlackElo "2425"]
[WhiteElo "2192"]
[LiveChessVersion "1.4.8"]

1. e4 {[%clk 1:30:56]} c5 {[%clk 1:30:37]} 2. Nf3 {[%clk 1:31:20]} d6
{[%clk 1:31:03]} 3. d4 {[%clk 1:31:48]} cxd4 {[%clk 1:31:28]} 4. Nxd4
{[%clk 1:32:16]} Nf6 {[%clk 1:31:53]} 5. Nc3 {[%clk 1:32:44]} a6 {[%clk 1:32:18]}
6. h3 {[%clk 1:33:12]} e6 {[%clk 1:32:46]} 7. g4 {[%clk 1:33:20]} Nfd7
{[%clk 1:33:09]} 8. g5 {[%clk 1:33:43]} b5 {[%clk 1:33:30]} 9. a3
{[%clk 1:33:57]} Bb7 {[%clk 1:33:54]} 10. Be3 {[%clk 1:34:24]} Nb6
{[%clk 1:31:03]} 11. f4 {[%clk 1:18:19]} Na4 {[%clk 1:29:59]} 12. Nxa4
{[%clk 1:14:38]} bxa4 {[%clk 1:11:24]} 13. Bg2 {[%clk 1:12:49]} Nd7
{[%clk 1:10:24]} 14. Ne2 {[%clk 1:06:10]} Rc8 {[%clk 1:04:51]} 15. Nc3
{[%clk 1:05:12]} Nb6 {[%clk 1:03:23]} 16. Qd4 {[%clk 0:39:35]} Nc4
{[%clk 1:03:39]} 17. O-O-O {[%clk 0:26:54]} Qc7 {[%clk 0:51:15]} 18. Rhe1
{[%clk 0:18:34]} e5 {[%clk 0:47:59]} 19. Qd3 {[%clk 0:18:48]} Be7
{[%clk 0:34:57]} 20. Re2 {[%clk 0:16:14]} O-O {[%clk 0:35:11]} 21. h4
{[%clk 0:16:06]} Rb8 {[%clk 0:27:37]} 22. Nxa4 {[%clk 0:15:23]} a5
{[%clk 0:26:37]} 23. Qc3 {[%clk 0:11:25]} Ba6 {[%clk 0:27:01]} 24. b3
{[%clk 0:10:08]} d5 {[%clk 0:27:26]} 25. Rxd5 {[%clk 0:09:06]} Bxa3+
{[%clk 0:27:43]} 26. Kb1 {[%clk 0:08:11]} Bb4 {[%clk 0:27:28]} 27. Qa1
{[%clk 0:05:04]} Na3+ {[%clk 0:27:38]} 28. Ka2 {[%clk 0:04:28]} Bxe2
{[%clk 0:28:01]} 29. c3 {[%clk 0:04:31]} Nc2 {[%clk 0:26:48]} 30. Qc1
{[%clk 0:04:48]} Nxe3 {[%clk 0:27:12]} 31. Qxe3 {[%clk 0:05:15]} Bc4
{[%clk 0:27:37]} 32. bxc4 {[%clk 0:04:09]} Qxc4+ {[%clk 0:28:01]} 33. Ka1
{[%clk 0:04:36]} Qb3 {[%clk 0:27:56]} 0-1

[Event "EYCC 2024 - O16"]
[Site "?"]
[Date "2024.08.23"]
[Round "2.5"]
[White "Nemec, Jachym"]
[Black "Perossa, Nicolas"]
[Result "0-1"]
[BlackElo "2187"]
[WhiteElo "2414"]
[LiveChessVersion "1.4.8"]

1. d4 {[%clk 1:30:56]} d5 {[%clk 1:30:49]} 2. c4 {[%clk 1:30:39]} e6
{[%clk 1:31:06]} 3. Nc3 {[%clk 1:30:57]} Be7 {[%clk 1:31:30]} 4. cxd5
{[%clk 1:30:13]} exd5 {[%clk 1:31:53]} 5. Bf4 {[%clk 1:30:40]} c6
{[%clk 1:32:14]} 6. e3 {[%clk 1:30:59]} Bf5 {[%clk 1:32:39]} 7. Nge2
{[%clk 1:30:57]} Nd7 {[%clk 1:28:36]} 8. f3 {[%clk 1:29:53]} Ngf6
{[%clk 0:56:22]} 9. g4 {[%clk 1:29:05]} Be6 {[%clk 0:53:43]} 10. Bg2
{[%clk 1:28:48]} O-O {[%clk 0:48:30]} 11. O-O {[%clk 1:25:35]} b5
{[%clk 0:43:58]} 12. h3 {[%clk 1:20:34]} Nb6 {[%clk 0:38:57]} 13. Rc1
{[%clk 1:17:12]} a5 {[%clk 0:33:32]} 14. Nxb5 {[%clk 1:13:00]} cxb5
{[%clk 0:31:33]} 15. Bc7 {[%clk 1:13:21]} Qd7 {[%clk 0:27:28]} 16. Bxb6
{[%clk 1:13:45]} Rfc8 {[%clk 0:27:56]} 17. Qd2 {[%clk 0:56:33]} Bb4
{[%clk 0:21:09]} 18. Qd3 {[%clk 0:53:57]} Qd6 {[%clk 0:21:22]} 19. Bc5
{[%clk 0:52:03]} Bxc5 {[%clk 0:21:51]} 20. dxc5 {[%clk 0:52:28]} Rxc5
{[%clk 0:22:03]} 21. Rxc5 {[%clk 0:52:41]} Qxc5 {[%clk 0:22:31]} 22. Rc1
{[%clk 0:53:05]} Qb4 {[%clk 0:18:52]} 23. Rc2 {[%clk 0:49:55]} d4
{[%clk 0:15:58]} 24. Nxd4 {[%clk 0:47:57]} Bxa2 {[%clk 0:16:09]} 25. Qd2
{[%clk 0:39:17]} Qxd2 {[%clk 0:12:53]} 26. Rxd2 {[%clk 0:39:45]} Bc4
{[%clk 0:12:31]} 27. g5 {[%clk 0:39:20]} Ne8 {[%clk 0:10:16]} 28. Nc6
{[%clk 0:25:13]} a4 {[%clk 0:06:23]} 29. f4 {[%clk 0:25:12]} Kf8 {[%clk 0:05:14]}
30. Ne5 {[%clk 0:20:48]} Rc8 {[%clk 0:05:35]} 31. Be4 {[%clk 0:16:15]} h6
{[%clk 0:02:30]} 32. g6 {[%clk 0:12:53]} Nf6 {[%clk 0:02:26]} 33. Bb7
{[%clk 0:10:47]} Rc7 {[%clk 0:01:27]} 34. Bf3 {[%clk 0:05:33]} fxg6
{[%clk 0:01:43]} 35. Nxg6+ {[%clk 0:05:58]} Ke8 {[%clk 0:00:44]} 36. f5
{[%clk 0:05:35]} b4 {[%clk 0:00:39]} 37. Ne5 {[%clk 0:05:35]} Bb5
{[%clk 0:00:42]} 38. e4 {[%clk 0:02:20]} b3 {[%clk 0:01:08]} 39. Ng6
{[%clk 0:00:52]} Rc2 {[%clk 0:00:50]} 40. Rd6 {[%clk 0:01:13]} a3
{[%clk 0:00:57]} 0-1

[Event "EYCC 2024 - O16"]
[Site "?"]
[Date "2024.08.23"]
[Round "2.6"]
[White "Savicevs, Arsenijs"]
[Black "Habans Aguerrea, Javier"]
[Result "0-1"]
[BlackElo "2395"]
[WhiteElo "2184"]
[LiveChessVersion "1.4.8"]

1. e4 {[%clk 1:30:56]} c6 {[%clk 1:30:52]} 2. d4 {[%clk 1:31:19]} d5
{[%clk 1:31:17]} 3. e5 {[%clk 1:31:43]} Bf5 {[%clk 1:31:36]} 4. Nd2
{[%clk 1:31:58]} e6 {[%clk 1:31:40]} 5. Nb3 {[%clk 1:32:16]} Nd7 {[%clk 1:31:32]}
6. Nf3 {[%clk 1:32:29]} Qc7 {[%clk 1:31:25]} 7. Be2 {[%clk 1:31:43]} c5
{[%clk 1:31:03]} 8. dxc5 {[%clk 1:25:54]} Bxc5 {[%clk 1:30:11]} 9. Nxc5
{[%clk 1:25:04]} Qxc5 {[%clk 1:30:12]} 10. Nd4 {[%clk 1:23:34]} Ne7
{[%clk 1:30:12]} 11. f4 {[%clk 1:20:14]} O-O {[%clk 1:29:00]} 12. Be3
{[%clk 1:07:52]} Qc7 {[%clk 1:21:32]} 13. O-O {[%clk 1:05:05]} a6
{[%clk 1:21:50]} 14. c3 {[%clk 0:59:44]} Be4 {[%clk 1:18:29]} 15. a4
{[%clk 0:51:18]} Rac8 {[%clk 1:15:10]} 16. a5 {[%clk 0:49:33]} Nc5
{[%clk 0:54:28]} 17. Rc1 {[%clk 0:41:58]} Nf5 {[%clk 0:51:14]} 18. Bf2
{[%clk 0:41:48]} Qe7 {[%clk 0:50:08]} 19. b4 {[%clk 0:40:06]} Nxd4
{[%clk 0:48:10]} 20. Bxd4 {[%clk 0:40:15]} Nd7 {[%clk 0:48:38]} 21. Qd2
{[%clk 0:33:51]} Rfe8 {[%clk 0:47:38]} 22. Qe3 {[%clk 0:31:42]} Rc7
{[%clk 0:43:06]} 23. Rf2 {[%clk 0:28:58]} Nf8 {[%clk 0:41:58]} 24. Rcf1
{[%clk 0:26:16]} Ng6 {[%clk 0:40:20]} 25. Bb6 {[%clk 0:24:22]} Rcc8
{[%clk 0:40:03]} 26. Bc5 {[%clk 0:23:09]} Rxc5 {[%clk 0:38:05]} 27. Qxc5
{[%clk 0:08:24]} Qxc5 {[%clk 0:38:27]} 28. bxc5 {[%clk 0:08:51]} Rc8
{[%clk 0:38:28]} 29. Bf3 {[%clk 0:09:10]} Bxf3 {[%clk 0:29:20]} 30. Rxf3
{[%clk 0:09:32]} Rxc5 {[%clk 0:29:31]} 31. Rb1 {[%clk 0:09:46]} Rxa5
{[%clk 0:26:04]} 32. Rxb7 {[%clk 0:10:08]} h6 {[%clk 0:25:12]} 33. g3
{[%clk 0:08:58]} Rc5 {[%clk 0:24:26]} 34. Ra7 {[%clk 0:09:00]} a5
{[%clk 0:24:40]} 35. Kf2 {[%clk 0:08:51]} h5 {[%clk 0:23:57]} 36. Ke2
{[%clk 0:06:14]} Rb5 {[%clk 0:21:51]} 37. Rf2 {[%clk 0:06:03]} Rb2+
{[%clk 0:18:19]} 38. Ke3 {[%clk 0:06:13]} Rb1 {[%clk 0:18:47]} 39. Kd3
{[%clk 0:05:45]} h4 {[%clk 0:16:37]} 40. Rxa5 {[%clk 0:04:04]} Rg1
{[%clk 0:16:20]} 41. Ra8+ {[%clk 0:02:59]} Kh7 {[%clk 0:16:49]} 42. Ke2
{[%clk 0:01:30]} Ne7 {[%clk 0:14:12]} 43. Rf1 {[%clk 0:01:17]} Rg2+
{[%clk 0:14:40]} 44. Rf2 {[%clk 0:01:37]} Rg1 {[%clk 0:15:09]} 45. Ra7
{[%clk 0:01:28]} Nf5 {[%clk 0:15:37]} 46. g4 {[%clk 0:01:28]} Rxg4
{[%clk 0:15:37]} 47. Rxf7 {[%clk 0:01:40]} Rg1 {[%clk 0:15:44]} 48. Rc7
{[%clk 0:01:26]} Kg8 {[%clk 0:04:54]} 49. Kf3 {[%clk 0:01:07]} h3
{[%clk 0:04:36]} 50. c4 {[%clk 0:00:38]} d4 {[%clk 0:03:33]} 51. c5
{[%clk 0:00:55]} Rc1 {[%clk 0:03:10]} 52. Ke2 {[%clk 0:00:48]} Rc2+
{[%clk 0:03:23]} 53. Ke1 {[%clk 0:01:07]} Rc3 {[%clk 0:03:16]} 54. Kd2
{[%clk 0:00:46]} Ne3 {[%clk 0:03:37]} 55. Rc8+ {[%clk 0:00:37]} Kf7
{[%clk 0:03:42]} 56. Rc7+ {[%clk 0:00:32]} Kg6 {[%clk 0:04:10]} 57. Rf3
{[%clk 0:00:38]} Kf5 {[%clk 0:01:55]} 58. Rxe3 {[%clk 0:00:32]} Rxe3
{[%clk 0:02:21]} 59. Rf7+ {[%clk 0:00:41]} Ke4 {[%clk 0:02:23]} 60. c6
{[%clk 0:01:07]} Rd3+ {[%clk 0:02:37]} 61. Ke2 {[%clk 0:01:20]} Rc3
{[%clk 0:03:06]} 62. c7 {[%clk 0:01:43]} g6 {[%clk 0:02:07]} 63. Kd2
{[%clk 0:01:54]} Rc5 {[%clk 0:02:09]} 64. Rd7 {[%clk 0:00:44]} Kxf4
{[%clk 0:01:30]} 65. Rxd4+ {[%clk 0:01:08]} Kxe5 {[%clk 0:01:56]} 66. Rd7
{[%clk 0:00:32]} g5 {[%clk 0:01:20]} 67. Rh7 {[%clk 0:00:45]} Kf4
{[%clk 0:01:04]} 68. Rxh3 {[%clk 0:00:35]} Rxc7 {[%clk 0:01:30]} 69. Rh6
{[%clk 0:00:41]} e5 {[%clk 0:01:26]} 70. Rf6+ {[%clk 0:01:06]} Ke4
{[%clk 0:01:44]} 71. Rg6 {[%clk 0:00:39]} Kf5 {[%clk 0:02:09]} 72. Rh6
{[%clk 0:01:04]} g4 {[%clk 0:01:33]} 73. Rh8 {[%clk 0:01:04]} Ke4
{[%clk 0:01:20]} 74. Rg8 {[%clk 0:00:35]} Kf3 {[%clk 0:01:44]} 75. Rf8+
{[%clk 0:00:40]} Kg2 {[%clk 0:02:12]} 76. Rg8 {[%clk 0:00:36]} Rc4
{[%clk 0:02:41]} 77. Rh8 {[%clk 0:00:46]} Kf3 {[%clk 0:02:02]} 78. Rh5
{[%clk 0:00:43]} Re4 {[%clk 0:00:43]} 79. Rf5+ {[%clk 0:00:51]} Kg2
{[%clk 0:01:08]} 80. Rh5 {[%clk 0:01:04]} Rf4 {[%clk 0:00:39]} 81. Ke3
{[%clk 0:01:13]} Rf3+ {[%clk 0:00:33]} 82. Ke4 {[%clk 0:01:19]} Rh3
{[%clk 0:01:02]} 83. Rg5 {[%clk 0:01:39]} Rh4 {[%clk 0:01:30]} 84. Kxe5
{[%clk 0:00:33]} Kxh2 {[%clk 0:01:59]} 85. Kf4 {[%clk 0:00:37]} g3+
{[%clk 0:02:12]} 86. Kf3 {[%clk 0:00:31]} Rh8 {[%clk 0:02:10]} 87. Rg7
{[%clk 0:00:32]} Rf8+ {[%clk 0:02:29]} 88. Ke2 {[%clk 0:00:54]} g2
{[%clk 0:02:20]} 89. Rh7+ {[%clk 0:01:17]} Kg1 {[%clk 0:02:48]} 90. Rh6
{[%clk 0:00:40]} Rf5 {[%clk 0:02:58]} 91. Ra6 {[%clk 0:00:32]} Rh5
{[%clk 0:03:03]} 92. Kf3 {[%clk 0:00:47]} Kh1 {[%clk 0:03:20]} 0-1

[Event "EYCC 2024 - O16"]
[Site "?"]
[Date "2024.08.23"]
[Round "2.7"]
[White "Lissillour, Baptiste"]
[Black "Agasarov, Benik"]
[Result "0-1"]
[BlackElo "2387"]
[WhiteElo "2180"]
[LiveChessVersion "1.4.8"]

1. d4 {[%clk 1:30:57]} Nf6 {[%clk 1:30:50]} 2. c4 {[%clk 1:31:23]} e6
{[%clk 1:31:16]} 3. Nf3 {[%clk 1:31:48]} d5 {[%clk 1:31:32]} 4. g3
{[%clk 1:32:12]} Bb4+ {[%clk 1:31:39]} 5. Bd2 {[%clk 1:32:34]} Be7
{[%clk 1:32:03]} 6. Bg2 {[%clk 1:32:52]} O-O {[%clk 1:32:26]} 7. O-O
{[%clk 1:33:17]} Nbd7 {[%clk 1:32:51]} 8. Qc2 {[%clk 1:33:34]} c6
{[%clk 1:33:12]} 9. Bf4 {[%clk 1:33:37]} b6 {[%clk 1:32:06]} 10. Rd1
{[%clk 1:34:00]} Ba6 {[%clk 1:24:13]} 11. Ne5 {[%clk 1:28:52]} Rc8
{[%clk 1:21:44]} 12. cxd5 {[%clk 1:29:10]} Nxd5 {[%clk 1:21:00]} 13. Nc3
{[%clk 1:01:23]} Nxe5 {[%clk 1:21:16]} 14. Bxe5 {[%clk 0:56:52]} f6
{[%clk 1:16:43]} 15. Bf4 {[%clk 0:55:32]} Nxf4 {[%clk 1:17:06]} 16. gxf4
{[%clk 0:55:58]} f5 {[%clk 1:17:26]} 17. e3 {[%clk 0:37:44]} Bb7 {[%clk 1:13:21]}
18. a3 {[%clk 0:34:45]} Rf6 {[%clk 1:09:44]} 19. Kh1 {[%clk 0:29:37]} Bd6
{[%clk 0:57:44]} 20. Bf3 {[%clk 0:22:50]} Rh6 {[%clk 0:56:11]} 21. Rg1
{[%clk 0:22:01]} Qh4 {[%clk 0:55:38]} 22. Rg2 {[%clk 0:22:15]} Qh3
{[%clk 0:55:50]} 23. Qe2 {[%clk 0:15:54]} Kh8 {[%clk 0:56:05]} 24. Kg1
{[%clk 0:11:22]} Rf8 {[%clk 0:53:04]} 25. Rg3 {[%clk 0:10:35]} Qxh2+
{[%clk 0:52:05]} 26. Kf1 {[%clk 0:10:47]} Qh4 {[%clk 0:46:05]} 27. Qc4
{[%clk 0:08:29]} b5 {[%clk 0:42:47]} 28. Qd3 {[%clk 0:07:21]} Qe7
{[%clk 0:41:56]} 29. Ke2 {[%clk 0:05:13]} a5 {[%clk 0:41:02]} 30. Nb1
{[%clk 0:01:41]} c5 {[%clk 0:38:53]} 31. Bxb7 {[%clk 0:01:19]} c4
{[%clk 0:39:19]} 32. Qc2 {[%clk 0:01:36]} Qxb7 {[%clk 0:39:44]} 33. Nd2
{[%clk 0:00:39]} Rc8 {[%clk 0:37:42]} 34. Rag1 {[%clk 0:00:42]} Rc7
{[%clk 0:37:46]} 35. Rc1 {[%clk 0:00:38]} Qd5 {[%clk 0:37:33]} 36. a4
{[%clk 0:00:36]} Bb4 {[%clk 0:36:02]} 37. Nf3 {[%clk 0:00:33]} c3
{[%clk 0:35:17]} 38. Ne5 {[%clk 0:00:44]} Rf6 {[%clk 0:34:41]} 39. axb5
{[%clk 0:00:32]} Qxb5+ {[%clk 0:34:52]} 40. Kf3 {[%clk 0:00:34]} Qb7+
{[%clk 0:29:44]} 41. Ke2 {[%clk 0:00:46]} cxb2 {[%clk 0:29:50]} 42. Qxb2
{[%clk 0:00:45]} Rxc1 {[%clk 0:29:35]} 43. Qxc1 {[%clk 0:01:13]} Bd6
{[%clk 0:29:47]} 44. Qc4 {[%clk 0:00:57]} h6 {[%clk 0:27:29]} 45. Rg1
{[%clk 0:00:50]} Kh7 {[%clk 0:27:44]} 46. Rc1 {[%clk 0:00:34]} Bxe5
{[%clk 0:27:49]} 47. fxe5 {[%clk 0:00:35]} Rg6 {[%clk 0:28:16]} 48. Rc2
{[%clk 0:00:32]} h5 {[%clk 0:27:54]} 49. Ra2 {[%clk 0:00:32]} Qb6
{[%clk 0:26:26]} 50. Qa4 {[%clk 0:00:31]} Qa6+ {[%clk 0:26:43]} 51. Kf3
{[%clk 0:00:34]} Qf1 {[%clk 0:26:46]} 52. Ra1 {[%clk 0:00:37]} Qg2+
{[%clk 0:26:25]} 53. Ke2 {[%clk 0:01:06]} Qg4+ {[%clk 0:25:52]} 54. Kd3
{[%clk 0:01:14]} Qe4+ {[%clk 0:25:56]} 55. Kc3 {[%clk 0:00:57]} h4
{[%clk 0:24:03]} 56. Qe8 {[%clk 0:00:36]} h3 {[%clk 0:24:02]} 57. Rg1
{[%clk 0:00:33]} f4 {[%clk 0:23:31]} 58. Rg4 {[%clk 0:00:36]} h2 {[%clk 0:22:36]}
59. Rh4+ {[%clk 0:00:54]} Rh6 {[%clk 0:23:02]} 60. Rxh6+ {[%clk 0:01:08]} Kxh6
{[%clk 0:23:28]} 61. Qxe6+ {[%clk 0:01:11]} Kg5 {[%clk 0:19:32]} 62. Qe7+
{[%clk 0:01:03]} Kg4 {[%clk 0:19:37]} 63. Qd7+ {[%clk 0:00:32]} Kh4
{[%clk 0:19:30]} 64. Qd8+ {[%clk 0:00:32]} Kh3 {[%clk 0:19:51]} 65. Qc8+
{[%clk 0:00:31]} Kg2 {[%clk 0:19:37]} 66. Qg4+ {[%clk 0:00:52]} Kf1
{[%clk 0:19:42]} 67. Qd1+ {[%clk 0:00:37]} Kxf2 {[%clk 0:20:08]} 68. Qd2+
{[%clk 0:00:46]} Kg3 {[%clk 0:20:29]} 69. Qe1+ {[%clk 0:00:58]} Kh3
{[%clk 0:20:52]} 70. Qf1+ {[%clk 0:00:54]} Qg2 {[%clk 0:21:13]} 71. Qxf4
{[%clk 0:00:50]} h1=Q {[%clk 0:21:32]} 72. Qf5+ {[%clk 0:01:14]} Qg4
{[%clk 0:21:47]} 0-1